AH International Schools' Libraries

100 things to know about space / (Record no. 48248)

MARC details
000 -LEADER
fixed length control field 00407nam a2200121 4500
020 ## - INTERNATIONAL STANDARD BOOK NUMBER
International Standard Book Number 9781409593928
100 ## - MAIN ENTRY--PERSONAL NAME
Personal name Frith, Alex,
Relator term author.
9 (RLIN) 83589
245 ## - TITLE STATEMENT
Title 100 things to know about space /
Statement of responsibility, etc written by Alex Frith, illustrated by Fedeco Mariani.
260 ## - PUBLICATION, DISTRIBUTION, ETC. (IMPRINT)
Place of publication, distribution, etc London, England :
Name of publisher, distributor, etc Usborne ;
Date of publication, distribution, etc 2016.
300 ## - PHYSICAL DESCRIPTION
Extent 127 pages
Dimensions 6.97 x 0.67 x 9.61 inches.
490 ## - SERIES STATEMENT
Series statement 100 things to know about
942 ## - ADDED ENTRY ELEMENTS (KOHA)
Source of classification or shelving scheme
Koha item type Book
Holdings
Withdrawn status Lost status Source of classification or shelving scheme Damaged status Not for loan Home library Current library Date acquired Total Checkouts Full call number Barcode Checked out Date last seen Date checked out Price effective from Koha item type
          Logos International School Logos International School 01/28/2025 15 J 520 FRI 040307 04/17/2026 12/01/2025 12/01/2025 01/28/2025 Book

For any Logos Library related questions please contact Miss Art at swongnarasuk@asianhope.org.

For any Asian Hope Library related questions please contact Miss Raza at graza@asianhope.org.

Powered by Koha